[Event "HUN-chT2 Erkel 1213"]
[Site "Hungary"]
[Date "2013.04.21"]
[Round "11.10"]
[White "Gorcsi, Gabor"]
[Black "Potari, Adrian"]
[Result "0-1"]
[WhiteElo "1872"]
[BlackElo "2017"]
[PlyCount "52"]
[EventDate "2012.09.16"]
[EventType "team-tourn"]
[EventRounds "11"]
[EventCountry "HUN"]
[SourceTitle "EXT 2014"]
[Source "ChessBase"]
[SourceDate "2013.11.20"]
[SourceVersion "1"]
[SourceVersionDate "2013.11.20"]
[SourceQuality "1"]
[WhiteTeam "Paszto"]
[BlackTeam "BEAC II"]
[WhiteTeamCountry "HUN"]
[BlackTeamCountry "HUN"]

1. d4 d5 2. c4 e6 3. Nc3 Nf6 4. cxd5 exd5 5. Bg5 c6 6. Qc2 Be7 7. e3 0-0 8. Bd3 Re8 9. Nge2 Nbd7 10. 0-0 Nf8 11. Rae1 Be6 12. f3 Rc8 13. e4 dxe4 14. fxe4 Ng4 15. Bxe7 Qxe7 16. Nf4 Qd6 17. d5 cxd5 18. exd5 Bd7 19. Rxe8 Rxe8 20. Ne4 Qb6+ 21. Qc5 Qxb2 22. Nd6 b6 23. Qc2 Qd4+ 24. Kh1 Re3 25. Nf5 Bxf5 26. Bxf5 Qxf4 0-1

[Event "HUN-chT2 Barcza 1011"]
[Site "Hungary"]
[Date "2010.10.24"]
[Round "4.7"]
[White "Potari, Adrian"]
[Black "Duzs, Jozsef"]
[Result "0-1"]
[WhiteElo "2030"]
[BlackElo "2066"]
[PlyCount "82"]
[EventDate "2010.09.12"]
[EventType "team-tourn"]
[EventRounds "11"]
[EventCountry "HUN"]
[SourceTitle "EXT 2012"]
[Source "ChessBase"]
[SourceDate "2011.11.24"]
[SourceVersion "1"]
[SourceVersionDate "2011.11.24"]
[SourceQuality "1"]
[WhiteTeam "DEAC"]
[BlackTeam "Edeleny"]
[WhiteTeamCountry "HUN"]
[BlackTeamCountry "HUN"]

1. c4 e6 2. Nc3 d5 3. d4 Nf6 4. Nf3 c5 5. e3 Nc6 6. Be2 cxd4 7. exd4 dxc4 8. 0-0 Be7 9. Bxc4 0-0 10. a3 a6 11. h3 b5 12. Ba2 b4 13. axb4 Nxb4 14. Bb1 Bb7 15. Be3 Nbd5 16. Bg5 Ne8 17. Qd3 g6 18. Bc1 Ng7 19. Rd1 Qc7 20. Ne5 Rfd8 21. Ne4 Nf5 22. Ng4 Kg7 23. Ng3 h5 24. Nxf5+ exf5 25. Ne5 Bf6 26. Qg3 f4 27. Qb3 Rab8 28. Be4 Ne3 29. fxe3 Bxe4 30. Qa4 Bc2 31. Qxa6 Bxd1 32. Bd2 fxe3 33. Bxe3 Bxe5 34. Rxd1 Bf6 35. d5 Rxb2 36. Rf1 Bc3 37. Qd3 Be5 38. Bc1 Rb4 39. Qd2 Qc4 40. Qh6+ Kg8 41. Bg5 Bg7 0-1

[Event "HUN-chT2 Barcza 0910"]
[Site "Hungary"]
[Date "2010.01.31"]
[Round "5.7"]
[White "Kovacs, Istvan"]
[Black "Potari, Adrian"]
[Result "1/2-1/2"]
[WhiteElo "2033"]
[BlackElo "2030"]
[PlyCount "108"]
[EventDate "2009.11.08"]
[EventType "team-tourn"]
[EventRounds "11"]
[EventCountry "HUN"]
[SourceTitle "EXT 2011"]
[Source "ChessBase"]
[SourceDate "2010.11.26"]
[SourceVersion "1"]
[SourceVersionDate "2010.11.26"]
[SourceQuality "1"]
[WhiteTeam "HSSE"]
[BlackTeam "DEAC"]
[WhiteTeamCountry "HUN"]
[BlackTeamCountry "HUN"]

1. c4 e5 2. Nc3 Bc5 3. e3 Nc6 4. a3 a5 5. g3 Nf6 6. Bg2 0-0 7. d3 d6 8. h3 Be6 9. Nf3 d5 10. Ng5 d4 11. Nxe6 fxe6 12. exd4 exd4 13. Ne4 Nxe4 14. Bxe4 Qf6 15. 0-0 Rae8 16. Qh5 Qe5 17. Bxh7+ Kh8 18. Bf5+ Kg8 19. Qh7+ Kf7 20. Bg6+ Ke7 21. Bxe8 Rxe8 22. Bf4 Qf6 23. h4 Kd7 24. Rae1 Bd6 25. Bxd6 cxd6 26. Re4 Re7 27. f4 Nd8 28. Qh5 Nc6 29. Kg2 Qf8 30. b4 axb4 31. axb4 Qa8 32. b5 Nb4 33. Rxd4 Qa3 34. Qf3 Qb2+ 35. Qf2 Qc3 36. Rd1 Rf7 37. Qe3 Nc2 38. Rxd6+ Kxd6 39. Qb6+ Ke7 40. Qc7+ Kf6 41. Qd8+ Kg6 42. Qg5+ Kh7 43. Qh5+ Kg8 44. Qe2 Nd4 45. Qe3 Nf5 46. Qe2 Qd4 47. Re1 Qd6 48. Qe5 Rd7 49. Qe2 Kf7 50. Qh5+ g6 51. Qh7+ Ng7 52. h5 Qxd3 53. Qxg6+ Qxg6 54. hxg6+ Kxg6 1/2-1/2

[Event "HUN-chT2 Barcza 0708"]
[Site "Hungary"]
[Date "2008.05.18"]
[Round "11"]
[White "Kantor, Attila"]
[Black "Potari, Adrian"]
[Result "0-1"]
[WhiteElo "1943"]
[BlackElo "2025"]
[PlyCount "24"]
[EventDate "2007.10.14"]
[EventType "team"]
[EventRounds "11"]
[EventCountry "HUN"]
[SourceTitle "EXT 2009"]
[Source "ChessBase"]
[SourceDate "2008.11.26"]
[SourceVersion "1"]
[SourceVersionDate "2008.11.26"]
[SourceQuality "1"]
[WhiteTeam "Mezokovesd"]
[BlackTeam "DEAC"]
[WhiteTeamCountry "HUN"]
[BlackTeamCountry "HUN"]

1. Nf3 c5 2. c4 g6 3. Nc3 Bg7 4. d4 cxd4 5. Nxd4 Nc6 6. Nxc6 bxc6 7. Bg5 Rb8 8. Qc2 Nf6 9. e4 Qb6 10. Bxf6 Bxf6 11. b3 0-0 12. f4 Qe3+ 0-1

[Event "HUN-chT2 Barcza 0708"]
[Site "Hungary"]
[Date "2007.11.25"]
[Round "3"]
[White "Kalyinka, Roland"]
[Black "Potari, Adrian"]
[Result "1-0"]
[WhiteElo "2063"]
[BlackElo "2025"]
[PlyCount "57"]
[EventDate "2007.10.14"]
[EventType "team"]
[EventRounds "11"]
[EventCountry "HUN"]
[SourceTitle "EXT 2009"]
[Source "ChessBase"]
[SourceDate "2008.11.26"]
[SourceVersion "1"]
[SourceVersionDate "2008.11.26"]
[SourceQuality "1"]
[WhiteTeam "Edeleny"]
[BlackTeam "DEAC"]
[WhiteTeamCountry "HUN"]
[BlackTeamCountry "HUN"]

1. e4 c5 2. Nf3 Nc6 3. b4 Nxb4 4. c3 Nc6 5. d4 cxd4 6. cxd4 d6 7. Nc3 Bg4 8. Bc4 Nf6 9. Qb3 e6 10. Qxb7 Nd7 11. Bb5 Rc8 12. Bxc6 Rc7 13. Qa6 Ke7 14. Nb5 Nb8 15. Qa5 Rxc6 16. Qxa7+ Ke8 17. Rb1 Be7 18. Ba3 Nd7 19. d5 Rc8 20. Nfd4 exd5 21. exd5 Nb8 22. 0-0 Qd7 23. Rfe1 Kf8 24. h3 Bh5 25. Nc6 Qxa7 26. Nbxa7 Nxc6 27. Nxc8 Ne5 28. Nxe7 Kxe7 29. Rxe5+ 1-0

[Event "HUN-chT2 Erkel 0506"]
[Site "Hungary"]
[Date "2005.10.30"]
[Round "2"]
[White "Potari, Adrian"]
[Black "Varga, Tibor"]
[Result "1/2-1/2"]
[WhiteElo "2006"]
[BlackElo "2025"]
[PlyCount "25"]
[EventDate "2005.10.16"]
[EventType "team"]
[EventRounds "11"]
[EventCountry "HUN"]
[SourceTitle "EXT 2009"]
[Source "ChessBase"]
[SourceDate "2008.11.26"]
[SourceVersion "1"]
[SourceVersionDate "2008.11.26"]
[SourceQuality "1"]
[WhiteTeam "BEAC Rufusz II"]
[BlackTeam "Vaci"]
[WhiteTeamCountry "HUN"]
[BlackTeamCountry "HUN"]

1. c4 e6 2. d4 d5 3. e3 Nf6 4. Nf3 Nbd7 5. c5 Ne4 6. Nbd2 c6 7. Nxe4 dxe4 8. Nd2 f5 9. Qb3 Nf6 10. Bc4 Nd5 11. 0-0 Be7 12. f3 Bf6 13. Kh1 1/2-1/2

[Event "Balatonlelle op-B"]
[Site "Balatonlelle "]
[Date "2005.06.22"]
[Round "5"]
[White "Potari, Adrian"]
[Black "Haszon, Attila"]
[Result "1/2-1/2"]
[WhiteElo "1928"]
[BlackElo "1803"]
[PlyCount "102"]
[EventDate "2005.06.18"]
[EventType "swiss"]
[EventRounds "9"]
[EventCountry "HUN"]
[SourceTitle "EXT 2008"]
[Source "ChessBase"]
[SourceDate "2007.11.25"]
[SourceVersion "1"]
[SourceVersionDate "2007.11.25"]
[SourceQuality "1"]

1. c4 Nf6 2. Nc3 e6 3. g3 d5 4. d4 dxc4 5. Qa4+ Nbd7 6. Qxc4 a6 7. Bg2 Rb8 8. Bf4 Bd6 9. Nh3 b5 10. Qd3 0-0 11. 0-0 Bb7 12. e4 e5 13. Be3 exd4 14. Bxd4 c5 15. Be3 Ne5 16. Qe2 Re8 17. Rad1 Qe7 18. Bg5 h6 19. Bxf6 Qxf6 20. f4 Ng6 21. e5 Qe7 22. exd6 Qxe2 23. Nxe2 Bxg2 24. Kxg2 Rxe2+ 25. Rf2 Rxf2+ 26. Nxf2 Nf8 27. Kf3 f5 28. Rd5 Rd8 29. Rxc5 Rxd6 30. Rxf5 Rd2 31. a4 Rxb2 32. axb5 Rxb5 33. Rxb5 axb5 34. Ke4 Nd7 35. Kd5 Nf6+ 36. Kc5 b4 37. Kxb4 Nd5+ 38. Kc5 Ne3 39. g4 g6 40. Kd4 Nf1 41. h3 Kf7 42. Ke5 Nd2 43. Ne4 Nf3+ 44. Kd5 Ng1 45. Nf2 Ke7 46. f5 gxf5 47. gxf5 Kf6 48. Ke4 h5 49. h4 Ne2 50. Nh1 Nc3+ 51. Kd4 Kxf5 1/2-1/2

[Event "Balatonlelle op-B"]
[Site "Balatonlelle "]
[Date "2005.06.21"]
[Round "4"]
[White "Drinoczi, Peter"]
[Black "Potari, Adrian"]
[Result "1-0"]
[WhiteElo "2131"]
[BlackElo "1928"]
[PlyCount "155"]
[EventDate "2005.06.18"]
[EventType "swiss"]
[EventRounds "9"]
[EventCountry "HUN"]
[SourceTitle "EXT 2008"]
[Source "ChessBase"]
[SourceDate "2007.11.25"]
[SourceVersion "1"]
[SourceVersionDate "2007.11.25"]
[SourceQuality "1"]

1. e4 c5 2. Nf3 Nc6 3. Nc3 e6 4. d4 cxd4 5. Nxd4 Nf6 6. Be3 d5 7. Nxc6 bxc6 8. e5 Nd7 9. f4 c5 10. Bf2 Be7 11. Be2 Qb6 12. 0-0 Qxb2 13. Qd2 Qb6 14. Rab1 Qc7 15. Nb5 Qc6 16. c4 0-0 17. Bf3 Nb6 18. Rfc1 Rd8 19. cxd5 exd5 20. Nd6 Bxd6 21. exd6 Qxd6 22. Bxc5 Qd7 23. Re1 Nc4 24. Qxd5 Qxd5 25. Bxd5 Bf5 26. Bxc4 Bxb1 27. Rxb1 Rac8 28. Rb5 Rd1+ 29. Bf1 h6 30. Be3 Rc3 31. Rb3 Rc2 32. a3 Ra2 33. Bxa7 Raa1 34. Rf3 f5 35. g3 Kf7 36. Bc5 Ke6 37. Kg2 Rac1 38. Bb4 g5 39. fxg5 hxg5 40. h3 g4 41. hxg4 fxg4 42. Rf2 Ke5 43. a4 Kd5 44. a5 Rc7 45. a6 Ra1 46. Rf4 Rc2+ 47. Rf2 Rcc1 48. Ba5 Ke4 49. Rf4+ Ke5 50. Bb6 Ra2+ 51. Kg1 Rxa6 52. Bd4+ Kd5 53. Rxg4 Ra4 54. Rg5+ Ke4 55. Bb2 Rxf1+ 56. Kxf1 Kf3 57. Bc3 Ra2 58. Be1 Rh2 59. Rf5+ Kg4 60. Rf4+ Kg5 61. Kg1 Ra2 62. Bf2 Ra1+ 63. Kg2 Rb1 64. Kf3 Rb3+ 65. Be3 Kg6 66. g4 Rb1 67. Rc4 Rf1+ 68. Ke4 Re1 69. Rc6+ Kg7 70. Kf4 Rf1+ 71. Kg5 Rd1 72. Rc7+ Kg8 73. Bf4 Rd5+ 74. Kg6 Rd8 75. g5 Rf8 76. Be5 Re8 77. Rg7+ Kf8 78. Bd6+ 1-0

[Event "Balatonlelle op-B"]
[Site "Balatonlelle "]
[Date "2005.06.20"]
[Round "3"]
[White "Potari, Adrian"]
[Black "Hatala, Imre"]
[Result "1-0"]
[WhiteElo "1928"]
[BlackElo "1759"]
[PlyCount "63"]
[EventDate "2005.06.18"]
[EventType "swiss"]
[EventRounds "9"]
[EventCountry "HUN"]
[SourceTitle "EXT 2008"]
[Source "ChessBase"]
[SourceDate "2007.11.25"]
[SourceVersion "1"]
[SourceVersionDate "2007.11.25"]
[SourceQuality "1"]

1. c4 Nf6 2. Nc3 g6 3. g3 Bg7 4. Bg2 0-0 5. e3 d6 6. Nge2 a5 7. 0-0 Nbd7 8. Rb1 Ne5 9. d3 Rb8 10. a3 Bf5 11. e4 Bd7 12. h3 h5 13. Bg5 Nh7 14. Be3 f6 15. b4 c6 16. Nf4 Kf7 17. Qe2 b5 18. c5 a4 19. Rfd1 Be8 20. Qa2+ d5 21. exd5 cxd5 22. Bxd5+ e6 23. Bxe6+ Ke7 24. Ncd5+ Qxd5 25. Bxd5 Bf7 26. c6 Nxc6 27. Bc5+ Ke8 28. Bxc6+ Kd8 29. Ne6+ Kc8 30. Bd7+ Kb7 31. Qd5+ Ka6 32. Nc7# 1-0